Az Apolló szinház...

Správa o ďaľšom hosťovaní Apolló szinház, Budapesti v Humennom koncom novembra 1912.

Podrobná bibliografia
Médium: Článok
Jazyk:Hungarian
Témy:
Zdroj: 1. Felvidéki Hirlap 1. Roč. 5, č. 45 (24.11.1912) s. 2
LEADER 00814nab#a2200301#ar4500
001 000074098
003 SVKKK
005 20040619xxxxxxx.
008 06 c xo huno
FMT
038 |a SVKKK 
040 |a SVKKK  |b slo  |e AACR2 
041 0 |a hun 
044 |a xo  |c SK 
080 |a 725.824 
242 1 0 |a Divadlo [kino] Apolló... 
245 0 0 |a Az Apolló szinház... 
500 |a mikrofilm 
520 2 |a Správa o ďaľšom hosťovaní Apolló szinház, Budapesti v Humennom koncom novembra 1912. 
650 0 4 |a Apolló szinház, Budapest - Humenné - hosťovanie - november 1912 - správy 
773 0 |t Felvidéki Hirlap  |g Roč. 5, č. 45 (24.11.1912) s. 2 
957 |a Humenné 
958 |a DG 
958 |a SK 
974 |a Ba  |d 20040619 
992 |a RBX 
BAS
998 |a RETRO